Multinational finance / (Record no. 4337)
[ view plain ]
| 000 -LEADER | |
|---|---|
| fixed length control field | 02114cam a2200205 a 4500 |
| 020 ## - INTERNATIONAL STANDARD BOOK NUMBER | |
| ISBN | 9781405181181 (pbk.) |
| 020 ## - INTERNATIONAL STANDARD BOOK NUMBER | |
| ISBN | 1405181184 (pbk.) |
| 050 00 - CALL NUMBER | |
| Classification number | HG4027.5 |
| Item number | .B88 |
| 100 1# - AUTHOR | |
| Personal name | Butler, Kirt Charles. |
| 245 10 - TITLE | |
| Title | Multinational finance / |
| Statement of responsibility, etc | Kirt C. Butler. |
| 250 ## - EDITION | |
| Edition statement | 4th ed. |
| 260 ## - PUBLICATION INFORMATION | |
| Place of publication | Chichester, West Sussex ; |
| -- | Hoboken, NJ : |
| Name of publisher | J. Wiley, |
| Year of publication | 2008. |
| 300 ## - DESCRIPTION | |
| Number of Pages | xix, 584 p. : |
| Other physical details | ill. ; |
| Dimensions | 26 cm. |
| 500 ## - NOTES | |
| General note | Includes index |
| 505 ## - FORMATTED CONTENTS NOTE | |
| Table of Content | Preface --<br/>PART ONE: THE INTERNATIONAL FINANCIAL ENVIRONMENT. --<br/>1 An Introduction to Multinational Finance. --<br/>2 World Trade and the International Monetary System. --<br/>3 Foreign Exchange and Eurocurrency Markets. --<br/>4 The International Parity Conditions. --<br/>PART TWO: DERIVATIVE SECURITIES FOR FINANCIAL RISK MANAGEMENT. --<br/>5 Currency Futures and Futures Markets. --<br/>6 Currency Options and Options Markets. --<br/>7 Currency Swaps and Swaps Markets. PART THREE: MANAGING THE RISKS OF MULTINATIONAL OPERATIONS. --<br/>8 The Rationale for Hedging Currency Risk. --<br/>9 Treasury Management of International Transactions. --<br/>10 Managing Transaction Exposure to Currency Risk. --<br/>11 Managing Operating Exposure to Currency Risk. --<br/>12 Managing Translation Exposure and Accounting for Financial Transactions. --<br/>PART FOUR: VALUATION AND THE STRUCTURE OF MULTINATIONAL OPERATIONS. --<br/>13 Foreign Market Entry and Country Risk Management. --<br/>14 Cross-Border Capital Budgeting. --<br/>15 Multinational Capital Structure and Cost of Capital. --<br/>16 Taxes and Multinational Corporate Strategy. --<br/>17 Real Options and Cross-Border Investment Strategy. --<br/>18 Corporate Governance and the International Market for Corporate Control. --<br/>PART FIVE: INTERNATIONAL PORTFOLIO INVESTMENT AND ASSET PRICING. --<br/>19 International Capital Markets. --<br/>20 International Portfolio Diversification. --<br/>21 International Asset Pricing. --<br/>Glossary. --<br/>Solutions to Even-Numbered Problems. --<br/>Name Index. --<br/>Subject Index. --<br/>Addenda. |
| 650 #0 - SUBJECTS | |
| Topical Term | International business enterprises |
| General subdivision | Finance. |
| 650 #0 - SUBJECTS | |
| Topical Term | Foreign exchange. |
| 650 #0 - SUBJECTS | |
| Topical Term | International finance. |
| 942 ## - ADDED ENTRY ELEMENTS (KOHA) | |
| Koha item type | Books |
| Withdrawn status | Lost status | Collection code | Home library | Current library | Shelving location | Date acquired | Full call number | Accession Number | Koha item type |
|---|---|---|---|---|---|---|---|---|---|
| Reference | Methodist University Library Main | Methodist University Library Main | General Stacks | 04/04/2013 | HG4027.5 .B88 | 37448 | Books |